000 00315nam a22001337a 4500
008 171013b xxu||||| |||| 00| 0 eng d
020 _a9780131572072
041 _aeng
080 _a316
100 _a51
101 _aSOC
245 _aWOMANS GUIDE TO THE LANGUAGE OF SUCCESS
_cMINDEL.P
942 _2udc
_cBK
999 _c33770
_d33770